000 02006nam a2200313Ia 4500
001 H2047
003 IT-RoPAU
008 130308s9999 xx 000 0 und d
040 _aIT-RoPAU
040 _cIT-RoPAU
041 _aITALIANO
100 _aFabietti Ugo
100 _gCodice Aut. SPICS: 37185
245 _aDal tribale al globale: introduzione all'antropologia
245 _bDal tribale al Globale: Introduzione All'Antropologia
250 _a1a ed.
260 _aMILANO
260 _bMondadori Bruno
260 _c2002 [1° Ed.:2002 - Ed.Ling.Originale:2002]
300 _a"158 p. (prefazione: no ; testo: 158 [pagine: 0-0])"
500 _a"L'Antropologia è Uno Strumento Indispensabile per comprendere Il Mondo Attuale. E' un Sapere in grado di produrre un Discorso Proprio, Epistemologicamente Autonomo, con le problematiche Specifiche che le Derivano Dalla Sua Storia di contatto con mondi Tribali e dal suo Apparato Concettuale. E' Nata da un contatto con Realtà Diverse, locali e Culturalmente Lontane. E' Ingrado di Leggere memorie e Identità che Sono Tipiche del Mondo Globale. parte Prima Redatta da Vincenzo Matera: Il Sapere della Differenza: Confini Disciplinari; Studio di Oggetti e Teorie; Oltre I Confini Disciplinari. parte seconda Redatta da Roberto Malighetti: Il Lavoro Etnografico: la Cospirazione del Silenzio; la Magia Etnografica di Malinowski; la negoziazione Deisignificati: Campo e testo . parte Terza Redatta da Ugo Fabietti: Il Traffico delle Culture: L'Antropologia nel Mondo Attuale; nell'Ecumene Globale; Nuovi Paesaggi; Processi Mimetici nel Traffico delle Culture; nuove Identità e nuove Opposizioni nella Modernizzazione; Elaborazione Culturale della Marginalità e Dello Sfruttamento. Bibliografia Generale."
650 _aANTROPOLOGIA
650 _eCodice materia Spics: 3501
700 _aMalighetti RobertoMatera Vincenzo
700 _gCodice Aut. SPICS: 56877Codice Aut. SPICS: 44021
942 _cBK
957 _71
999 _c88376
_d88376
999 _g1